Statistics for 50 Most Populous Countries - One Minute Sprint

Click here to take the quiz!

General Stats

  • This quiz has been taken 2,550 times
  • The average score is 25 of 50

Answer Stats

PopulationCountry% Correct
1,376,999,184China
98%
323,754,000United States
98%
1,286,069,007India
97%
206,014,231Brazil
89%
65,097,000United Kingdom
87%
66,689,000France
86%
146,600,000Russia
84%
81,770,900Germany
83%
258,705,000Indonesia
83%
122,273,473Mexico
83%
126,960,000Japan
78%
186,988,000Nigeria
74%
193,876,284Pakistan
72%
46,423,064Spain
69%
60,665,551Italy
67%
43,590,400Argentina
66%
160,850,676Bangladesh
64%
91,036,720Egypt
64%
36,048,521Canada
62%
79,303,700Iran
59%
54,956,900South Africa
54%
91,700,000Vietnam
52%
103,242,900Philippines
51%
78,741,053Turkey
51%
85,026,000DR Congo
50%
65,311,506Thailand
50%
50,801,405South Korea
49%
48,720,592Colombia
47%
92,206,005Ethiopia
47%
42,708,647Ukraine
41%
37,883,543Iraq
40%
31,488,700Peru
39%
38,437,239Poland
37%
31,376,148Malaysia
35%
32,248,200Saudi Arabia
34%
40,400,000Algeria
33%
55,155,000Tanzania
30%
47,251,000Kenya
29%
31,028,700Venezuela
28%
51,419,420Myanmar
25%
39,598,700Sudan
25%
27,657,145Afghanistan
22%
34,337,529Morocco
17%
28,431,500Nepal
12%
36,860,700Uganda
12%
25,868,000Angola
10%
27,670,174Ghana
8%
27,478,000Yemen
8%
26,423,700Mozambique
6%
31,576,400Uzbekistan
4%

Score Distribution

Percentile by Number Answered

Percent of People with Each Score

Your Score History

You have not taken this quiz